Quiz Cultura Generale - Quiz n°88 - Statistics

Statistiche generali
  • Questo quiz è stato fatto 103 volte
  • Il punteggio medio è 7 su 15
Statistiche sulle risposte
Domanda Risposta % Corretto
Qual è il secondo pianeta più vicino al Sole? Venere
89%
Quale Oceano bagne le coste della Namibia? Oceano Atlantico
78%
Quale abate ceco è considerato il padre della genetica? Gregor Mendel
74%
In quale nazioni si può ammirare il Taj Mahal? India
71%
Quale forma di governo è presente in Francia? Repubblica semipresidenziale
59%
Quale complemento indica il motivo per cui si compie o avviene un’azione o si crea una determinata situazione? Complemento di causa
53%
Quale struttura cartilaginea ha la funzione de impedire che il cibo masticato e la saliva vadano nelle vie aeree? Epiglottide
52%
Quale stato confina con la Repubblica Dominicana? Haiti
48%
Qual è la sigla dell'Organizzazione per la cooperazione e lo sviluppo economico? OCSE
42%
Quanti minuti impiega un veicolo che viaggia a 100 km/h per percorrere 150 km? 90 minuti
37%
Qual è il perimetro di un ettagono con lato pari a 4 cm? 28 cm
36%
In quale anno crollò l'Impero Romano d'Oriente? 1453
27%
Quante erano le regioni dell'Italia Augustea? XI
27%
Chi ha vinto la Coppa del Mondo di rugby del 2019? Sudafrica
25%
Chi ha diretto il film "I laureati"? Leonardo Pieraccioni
15%
Nessun quiz corrispondente trovato
Distribuzione punteggi
Percentuale di utenti per punteggio
Percentile per numero di risposta
I tuoi punteggi nel tempo
Non hai fatto questo quiz